Derechos económicos de los funcionarios de administración local / por Juan Luis de Simón Tobalina
Descripción Física:
163 p. ; 16 cm
MARC
| LEADER | 00000nam a2200000Ia 4500 | ||
|---|---|---|---|
| 001 | 14277 | ||
| 008 | 160829s1957 xx 000 0 cat d | ||
| 080 | |a M-4-188 | ||
| 100 | |a Simón Tobalina, Juan Luis de |9 32405 | ||
| 245 | |a Derechos económicos de los funcionarios de administración local / por Juan Luis de Simón Tobalina | ||
| 260 | |a Madrid : |b Municipalia, |c 1957 | ||
| 300 | |a 163 p. ; |c 16 cm | ||
| 650 | |a Funcionaris i empleats locals |x Salaris, etc. |x Dret i legislació |x Espanya |9 32406 | ||
| 901 | |a Arxiu | ||
| 942 | |n 1 | ||
| 952 | |0 0 |1 0 |4 0 |6 M4188 |7 1 |9 45973 |a Arxiu |b Arxiu |d 2016-12-01 |l 0 |o M-4-188 |p 14277 |r 2016-12-01 00:00:00 |w 2016-12-01 |y ARXIU | ||
| 999 | |c 49474 |d 49474 | ||